La Crisis económica y social del café
Uloženo v:
| Médium: | Text |
|---|---|
| Témata: | |
| Tagy: |
Přidat tag
Žádné tagy, Buďte první, kdo vytvoří štítek k tomuto záznamu!
|
MARC
| LEADER | 00000 a a2200000 04500 | ||
|---|---|---|---|
| 001 | 6679 | ||
| 003 | |||
| 040 | |||
| 245 | |a La Crisis económica y social del café | ||
| 650 | |a CAFE | ||
| 650 | |a CRISIS | ||
| 773 | |g volumen 24, número 1058; páginas 6-7 | ||
| 999 | |c 39843 |d 39843 | ||
